Villes ayant accueilli un match de la Coupe du Monde de football - Statistiques

Statistiques générales
  • Ce quiz a été pris 58 fois
  • Le résultat moyen est 78 sur 166
Statistiques - réponses
Pays Ville % Correct
Italie Milan
98%
Angleterre Londres
96%
Angleterre Manchester
96%
Uruguay Montevideo
96%
Italie Turin
96%
Allemagne Berlin
94%
Angleterre Liverpool
94%
France Marseille
94%
Mexique Mexico
94%
France Paris
94%
Bresil Rio de Janeiro
94%
France Lille
92%
Italie Rome
92%
France Saint Etienne
92%
Bresil Sao Paulo
92%
Suede Stockholm
92%
France Strasbourg
92%
Espagne Barcelone
90%
Argentine Buenos Aires
90%
France Lyon
90%
Espagne Madrid
90%
Russie Moscou
90%
Italie Naples
90%
Corée Seoul
90%
France Toulouse
90%
Espagne Valence
90%
Suisse Berne
88%
France Bordeaux
88%
Bresil Brasilia
88%
Afrique du Sud Le Cap
88%
Chili Santiago
88%
Espagne Seville
88%
USA Los Angeles
86%
France Montpellier
86%
Allemagne Munich
86%
France Nantes
86%
USA New York
86%
Allemagne Hambourg
84%
Allemagne Dortmund
82%
Afrique du Sud Johannesbourg
82%
France Lens
82%
Russie Saint Petersbourg
82%
Suisse Geneve
80%
Suisse Zurich
78%
Angleterre Birmingham
76%
USA Chicago
76%
Allemagne Cologne
76%
Italie Florence
76%
Espagne Bilbao
75%
Qatar Doha
75%
France Reims
75%
USA San Francisco
75%
Suede Malmö
73%
Allemagne Francfort
71%
France Saint Denis
71%
Italie Genes
69%
France Le Havre
69%
Allemagne Leipzig
67%
Italie Palerme
67%
Italie Bari
63%
Italie Bologne
63%
USA Dallas
63%
Afrique du Sud Pretoria
63%
USA Washington
63%
Suisse Bale
61%
Mexique Guadalajara
61%
Japon Osaka
57%
Allemagne Stuttgart
57%
USA Boston
55%
Suede Göteborg
55%
Suisse Lausanne
55%
Italie Cagliari
53%
Espagne La Corogne
53%
Allemagne Düsseldorf
51%
Allemagne Hanovre
51%
Espagne Malaga
51%
Espagne Saragosse
45%
Russie Sotchi
45%
Afrique du Sud Durban
43%
Allemagne Nuremberg
43%
Italie Verone
43%
Espagne Vigo
43%
Espagne Alicante
41%
Mexique Monterrey
41%
Argentine Rosario
41%
Afrique du Sud Bloemfontein
39%
Russie Kazan
39%
Bresil Belo Horizonte
37%
Bresil Manaus
37%
Bresil Recife
37%
Angleterre Sheffield
37%
Allemagne Gelsenkirchen
35%
Suisse Lugano
35%
Qatar Lusail
35%
USA Orlando
35%
Corée Busan
33%
Argentine Cordoba
33%
Bresil Fortaleza
33%
Espagne Valladolid
33%
USA Detroit
31%
Russie Iekaterinbourg
31%
Japon Kobe
31%
Bresil Salvador
31%
Japon Sapporo
31%
Italie Udine
31%
Japon Yokohama
31%
Mexique Leon
29%
Russie Nijni Novgorod
29%
Bresil Porto Alegre
29%
Afrique du Sud Port Elizabeth
27%
Russie Rostov
27%
Angleterre Sunderland
27%
Bresil Curitiba
25%
Russie Kaliningrad
24%
Russie Samara
24%
France Colombes
20%
Allemagne Kaiserslautern
20%
Espagne Oviedo
20%
Russie Volgograd
20%
Espagne Gijon
18%
Corée Incheon
18%
Mexique Puebla
18%
Italie Trieste
18%
Corée Daegu
16%
Argentine Mendoza
16%
Espagne Elche
14%
France Antibes
12%
Corée Gwangju
12%
Bresil Natal
12%
Mexique Toluca
12%
Qatar Al Khor
10%
Bresil Cuiabá
10%
Angleterre Middlesbrough
10%
Japon Niigata
10%
Suede Örebro
10%
Suede Västeras
10%
Qatar Al Rayyan
8%
Mexique Irapuato
8%
Afrique du Sud Nelspruit
8%
Suede Norrköping
8%
Mexique Santiago de Querétaro
8%
Russie Saransk
8%
Corée Suwon
8%
Chili Vina del Mar
8%
Qatar Al Wakrah
6%
Suede Boras
6%
Suede Eskilstuna
6%
Suede Halmstad
6%
Corée Jeju
6%
Corée Jeonju
6%
Argentine Mar de la Plata
6%
Mexique Nezahualcóyotl
6%
Japon Saitama
6%
Suede Sandviken
6%
Suede Uddevalla
6%
Chili Arica
4%
Corée Daejeon
4%
Suede Helsingsborg
4%
Japon Ibaraki
4%
Japon Miyagi
4%
Japon Oita
4%
Afrique du Sud Polokwane
4%
Chili Rancagua
4%
Afrique du Sud Rustenburg
4%
Japon Shizuoka
4%
Corée Ulsan
4%
Aucun quiz correspondant
Distribution des résultats
% des personnes avec chaque résultat
Percentile par nombre de réponses
Votre historique - résultats
Vous n’avez pas pris ce quiz